| 000 | 00958nac a22001931u 4500 | ||
|---|---|---|---|
| 008 | 080902s1969Uar|||| 000 00| 0dara | ||
| 082 |
_a246 _bن ي س |
||
| 110 |
_aWezaret Al Thakafa _917328 |
||
| 245 |
_aفي التوحيد : _b/ديوان الاصول لأبي رشيد سعيد بن محمد النيسابوري _c أبي رشيد سعيد بن محمد النيسابوري ؛تحقيق محمد عبدالهادي أبو ريدة |
||
| 246 | _aمن تراث المعتزلة: في التوحيد | ||
| 260 |
_aالقاهرة : _bالمؤسسة المصرية العامة للتأليف والترجمة والطباعة والنشر, _c[1969] |
||
| 300 |
_a642 ص ; _c24 سم. |
||
| 500 | _aا | ||
| 504 | _aيحتوي علي إرجاعات ببليوجرافية | ||
| 511 | _aCatalogued by: Sara | ||
| 541 |
_aألف باء _cشراء |
||
| 650 |
_aالحركات الفكرية عند المسلمين _917444 |
||
| 942 |
_cBB _k246 ن ي س _2ddc |
||
| 999 |
_c7036 _d7036 |
||